Ancient Rome Decoder - Statistics

General Stats
  • This quiz has been taken 495 times
  • The average score is 8 of 21
Answer Stats
Answer % Correct
a L Latin
98%
e R Remus
70%
o R Romulus
64%
r O Orator
62%
c O Octavian
60%
v O Ovid
59%
g E Egypt
53%
t A Athens
51%
p A Appian Way
43%
i T Tiber island
33%
i D Diocletian
30%
c A Actium
29%
P S SPQR
28%
a M Marius
26%
i v e c a s ALL ROADS LEAD TO ROME
25%
p i P y g t ALL ROADS LEAD TO ROME
25%
a r c a u o ALL ROADS LEAD TO ROME
25%
a D Dacia
23%
s E Esquiline
16%
y L Lydia
13%
u L Lucullus
7%
No matching quizzes found
Score Distribution
Percent of People with Each Score
Percentile by Number Answered
Your Score History
You have not taken this quiz